[Event "XLIV Memoriał Szachowy Ludwika Zamenhofa 2025, Grupa A"]
[Site "Białystok, Poland"]
[Date "2025.12.31"]
[Round "9.8"]
[White "Lecki, Leonard"]
[Black "Cukrowski, Filip"]
[Result "1-0"]
[TimeControl "90'+30\""]
[WhiteElo "2194"]
[BlackElo "2417"]

1. c4 {[%clk 01:28:49]} {[%emt 00:02:10]} c5 {[%clk 01:06:26]} {[%emt
00:24:35]} 2. Nf3 {[%clk 01:29:10]} {[%emt 00:00:08]} b6 {[%clk 01:06:11]}
{[%emt 00:00:46]} 3. g3 {[%clk 01:27:49]} {[%emt 00:01:51]} Bb7 {[%clk
00:58:34]} {[%emt 00:08:07]} 4. Bg2 {[%clk 01:28:13]} {[%emt 00:00:05]} g6
{[%clk 00:56:52]} {[%emt 00:02:13]} 5. d4 {[%clk 01:25:30]} {[%emt 00:03:13]}
cxd4 {[%clk 00:56:42]} {[%emt 00:00:40]} 6. Qxd4 {[%clk 01:25:54]} {[%emt
00:00:07]} Nf6 {[%clk 00:57:04]} {[%emt 00:00:08]} 7. Nc3 {[%clk 01:26:19]}
{[%emt 00:00:05]} Nc6 {[%clk 00:55:03]} {[%emt 00:02:31]} 8. Qf4 {[%clk
01:26:25]} {[%emt 00:00:24]} Bg7 {[%clk 00:52:40]} {[%emt 00:02:52]} 9. O-O
{[%clk 01:26:21]} {[%emt 00:00:34]} O-O {[%clk 00:52:08]} {[%emt 00:01:03]} 10.
Rd1 {[%clk 01:24:59]} {[%emt 00:01:50]} Rc8 {[%clk 00:43:50]} {[%emt 00:08:49]}
11. b3 {[%clk 01:22:29]} {[%emt 00:03:00]} e5 {[%clk 00:13:41]} {[%emt
00:30:40]} 12. Nxe5 {[%clk 01:07:58]} {[%emt 00:15:00]} Nh5 {[%clk 00:14:01]}
{[%emt 00:00:11]} 13. Nxc6 {[%clk 01:08:23]} {[%emt 00:00:05]} Nxf4 {[%clk
00:14:27]} {[%emt 00:00:04]} 14. Nxd8 {[%clk 01:08:48]} {[%emt 00:00:05]} Bxg2
{[%clk 00:14:42]} {[%emt 00:00:14]} 15. Bxf4 {[%clk 01:08:59]} {[%emt
00:00:19]} Bxc3 {[%clk 00:01:43]} {[%emt 00:13:30]} 16. Rac1 {[%clk 01:09:25]}
{[%emt 00:00:04]} Bb2 {[%clk 00:00:48]} {[%emt 00:01:25]} 17. Rc2 {[%clk
01:09:16]} {[%emt 00:00:38]} Bh3 {[%clk 00:01:10]} {[%emt 00:00:08]} 18. Nxf7
{[%clk 01:07:47]} {[%emt 00:02:00]} Bf6 {[%clk 00:00:50]} {[%emt 00:00:50]} 19.
Nd6 {[%clk 01:05:55]} {[%emt 00:02:22]} Rc6 {[%clk 00:00:58]} {[%emt 00:00:22]}
20. Rcd2 {[%clk 01:04:18]} {[%emt 00:02:06]} Be7 {[%clk 00:00:49]} {[%emt
00:00:39]} 21. Ne4 {[%clk 01:00:30]} {[%emt 00:04:18]} Rfc8 {[%clk 00:00:36]}
{[%emt 00:00:44]} 22. Bd6 {[%clk 00:57:35]} {[%emt 00:03:25]} Bd8 {[%clk
00:00:49]} {[%emt 00:00:16]} 23. Nc3 {[%clk 00:57:40]} {[%emt 00:00:26]} a6
{[%clk 00:01:03]} {[%emt 00:00:16]} 24. a4 {[%clk 00:58:02]} {[%emt 00:00:07]}
Bf6 {[%clk 00:01:01]} {[%emt 00:00:32]} 25. Ne4 {[%clk 00:56:41]} {[%emt
00:01:52]} Bd8 {[%clk 00:01:30]} {[%emt 00:00:01]} 26. Ba3 {[%clk 00:56:40]}
{[%emt 00:00:31]} Rb8 {[%clk 00:01:09]} {[%emt 00:00:51]} 27. Nc3 {[%clk
00:53:22]} {[%emt 00:03:47]} Rf6 {[%clk 00:00:52]} {[%emt 00:00:47]} 28. Nd5
{[%clk 00:52:54]} {[%emt 00:00:58]} Rf7 {[%clk 00:01:21]} {[%emt 00:00:01]} 29.
f3 {[%clk 00:51:38]} {[%emt 00:01:46]} g5 {[%clk 00:01:14]} {[%emt 00:00:37]}
30. g4 {[%clk 00:46:27]} {[%emt 00:05:41]} h5 {[%clk 00:01:43]} {[%emt
00:00:01]} 31. gxh5 {[%clk 00:44:07]} {[%emt 00:02:50]} b5 {[%clk 00:02:00]}
{[%emt 00:00:13]} 32. Bd6 {[%clk 00:43:58]} {[%emt 00:00:39]} Rb7 {[%clk
00:01:48]} {[%emt 00:00:43]} 33. axb5 {[%clk 00:43:56]} {[%emt 00:00:31]} axb5
{[%clk 00:02:12]} {[%emt 00:00:06]} 34. Ra2 {[%clk 00:44:05]} {[%emt 00:00:21]}
Bf6 {[%clk 00:00:32]} {[%emt 00:02:10]} 35. Ra8+ {[%clk 00:44:18]} {[%emt
00:00:17]} Kg7 {[%clk 00:01:00]} {[%emt 00:00:02]} 36. c5 {[%clk 00:28:26]}
{[%emt 00:16:23]} b4 {[%clk 00:01:26]} {[%emt 00:00:04]} 37. e4 {[%clk
00:27:53]} {[%emt 00:01:02]} g4 {[%clk 00:00:54]} {[%emt 00:01:03]} 38. Nxf6
{[%clk 00:26:47]} {[%emt 00:01:35]} Kxf6 {[%clk 00:00:57]} {[%emt 00:00:28]} 39.
Rg8 {[%clk 00:27:03]} {[%emt 00:00:13]} Rh7 {[%clk 00:00:43]} {[%emt 00:00:44]}
40. Rg6+ {[%clk 00:27:28]} {[%emt 00:00:05]} Kf7 {[%clk 00:01:08]} {[%emt
00:00:05]} 41. fxg4 {[%clk 00:27:52]} {[%emt 00:00:06]} Ra7 {[%clk 00:01:06]}
{[%emt 00:00:32]} 42. Rd3 {[%clk 00:26:51]} {[%emt 00:01:31]} Ra1+ {[%clk
00:00:58]} {[%emt 00:00:38]} 43. Kf2 {[%clk 00:27:14]} {[%emt 00:00:08]} Ra2+
{[%clk 00:00:53]} {[%emt 00:00:35]} 44. Kg3 {[%clk 00:22:40]} {[%emt 00:05:03]}
Bg2 {[%clk 00:01:18]} {[%emt 00:00:05]} 45. Re3 {[%clk 00:22:33]} {[%emt
00:00:37]} Rh8 {[%clk 00:01:06]} {[%emt 00:00:42]} 46. Be5 {[%clk 00:18:22]}
{[%emt 00:04:42]} Re8 {[%clk 00:00:49]} {[%emt 00:00:46]} 47. Rg5 {[%clk
00:18:42]} {[%emt 00:00:10]} Re6 {[%clk 00:00:37]} {[%emt 00:00:42]} 48. Rf5+
{[%clk 00:18:45]} {[%emt 00:00:27]} Kg8 {[%clk 00:00:42]} {[%emt 00:00:25]} 49.
g5 {[%clk 00:18:25]} {[%emt 00:00:51]} Rc2 {[%clk 00:00:55]} {[%emt 00:00:16]}
50. g6 {[%clk 00:11:57]} {[%emt 00:06:59]} Rxc5 {[%clk 00:01:00]} {[%emt
00:00:25]} 51. Kxg2 {[%clk 00:11:43]} {[%emt 00:00:44]} Rcxe5 {[%clk 00:00:53]}
{[%emt 00:00:37]} 52. Rxe5 {[%clk 00:12:05]} {[%emt 00:00:07]} Rxe5 {[%clk
00:01:22]} 53. h6 {[%clk 00:12:28]} {[%emt 00:00:07]} Re6 {[%clk 00:01:08]}
{[%emt 00:00:44]} 54. Kh3 {[%clk 00:11:09]} {[%emt 00:01:49]} Kh8 {[%emt
00:01:07]} 55. Rg3 {[%clk 00:11:28]} Kg8 {[%clk 00:00:50]} {[%emt 00:00:22]} 56.
Rg4 {[%clk 00:11:27]} {[%emt 00:00:30]} 1-0

[Event "XLIV Memoriał Szachowy Ludwika Zamenhofa 2025, Grupa A"]
[Site "Białystok, Poland"]
[Date "2025.12.31"]
[Round "9.9"]
[White "Lewtak, Damian"]
[Black "Rozycki, Bartlomiej"]
[Result "1-0"]
[TimeControl "90'+30\""]
[WhiteElo "2333"]
[BlackElo "2197"]

1. e4 {[%clk 01:30:58]} {[%emt 00:00:02]} c6 {[%clk 01:28:40]} {[%emt
00:02:20]} 2. d4 {[%clk 01:31:08]} {[%emt 00:00:20]} d5 {[%clk 01:29:04]}
{[%emt 00:00:06]} 3. exd5 {[%clk 01:31:34]} {[%emt 00:00:04]} cxd5 {[%clk
01:29:31]} {[%emt 00:00:03]} 4. c3 {[%clk 01:31:47]} {[%emt 00:00:16]} Nc6
{[%clk 01:29:41]} {[%emt 00:00:21]} 5. Bf4 {[%clk 01:32:10]} {[%emt 00:00:06]}
Nf6 {[%clk 01:29:12]} {[%emt 00:01:00]} 6. Bd3 {[%clk 01:31:32]} {[%emt
00:01:07]} Bg4 {[%clk 01:29:32]} {[%emt 00:00:11]} 7. Qb3 {[%clk 01:31:25]}
{[%emt 00:00:37]} Qd7 {[%clk 01:29:54]} {[%emt 00:00:07]} 8. Nd2 {[%clk
01:31:21]} {[%emt 00:00:34]} e6 {[%clk 01:30:20]} {[%emt 00:00:05]} 9. Ngf3
{[%clk 01:31:29]} {[%emt 00:00:21]} Bd6 {[%clk 01:30:28]} {[%emt 00:00:23]} 10.
Bxd6 {[%clk 01:24:05]} {[%emt 00:07:54]} Qxd6 {[%clk 01:30:54]} {[%emt
00:00:05]} 11. Qxb7 {[%clk 01:24:14]} {[%emt 00:00:21]} Rb8 {[%clk 01:27:09]}
{[%emt 00:04:15]} 12. Qa6 {[%clk 01:23:38]} {[%emt 00:01:06]} O-O {[%clk
01:27:04]} {[%emt 00:00:35]} 13. Bb5 {[%clk 01:04:07]} {[%emt 00:20:00]} Rb6
{[%clk 01:27:29]} {[%emt 00:00:05]} 14. Qa4 {[%clk 01:04:34]} {[%emt 00:00:04]}
Bxf3 {[%clk 01:24:58]} {[%emt 00:03:00]} 15. Nxf3 {[%clk 01:04:14]} {[%emt
00:00:49]} Rfb8 {[%clk 01:25:26]} {[%emt 00:00:03]} 16. Bxc6 {[%clk 01:04:26]}
{[%emt 00:00:18]} Rxc6 {[%clk 01:25:26]} {[%emt 00:00:30]} 17. Qc2 {[%clk
01:03:14]} {[%emt 00:01:41]} Qb4 {[%clk 01:25:04]} {[%emt 00:00:53]} 18. O-O
{[%clk 01:02:56]} {[%emt 00:00:47]} h6 {[%clk 01:23:34]} {[%emt 00:02:01]} 19.
Rfc1 {[%clk 00:59:00]} {[%emt 00:04:26]} Rbc8 {[%clk 01:16:14]} {[%emt
00:07:51]} 20. h3 {[%clk 00:50:48]} {[%emt 00:08:40]} Ne4 {[%emt 00:02:39]} 21.
Qe2 {[%clk 00:49:56]} {[%emt 00:01:19]} Qb6 {[%clk 01:13:26]} {[%emt 00:01:14]}
22. Ne5 {[%clk 00:48:06]} {[%emt 00:02:18]} R6c7 {[%clk 01:13:53]} {[%emt
00:00:04]} 23. Nd3 {[%clk 00:48:18]} {[%emt 00:00:18]} Re8 {[%clk 01:05:51]}
{[%emt 00:08:32]} 24. Re1 {[%clk 00:46:44]} {[%emt 00:02:02]} Rb8 {[%clk
01:04:22]} {[%emt 00:02:01]} 25. h4 {[%clk 00:40:08]} {[%emt 00:07:06]} g6
{[%clk 01:02:52]} {[%emt 00:02:00]} 26. Rac1 {[%clk 00:36:32]} {[%emt
00:04:05]} h5 {[%clk 01:00:16]} {[%emt 00:03:08]} 27. f3 {[%clk 00:34:56]}
{[%emt 00:02:05]} Ng3 {[%clk 00:59:48]} {[%emt 00:00:59]} 28. Qf2 {[%clk
00:30:11]} {[%emt 00:05:13]} Nf5 {[%clk 01:00:15]} {[%emt 00:00:04]} 29. Rcd1
{[%clk 00:30:11]} {[%emt 00:00:28]} Qd6 {[%clk 00:59:37]} {[%emt 00:01:10]} 30.
g4 {[%clk 00:28:09]} {[%emt 00:02:32]} hxg4 {[%clk 00:59:06]} {[%emt 00:01:02]}
31. fxg4 {[%clk 00:28:23]} {[%emt 00:00:15]} Qg3+ {[%clk 00:59:31]} {[%emt
00:00:05]} 32. Qxg3 {[%clk 00:26:16]} {[%emt 00:02:37]} Nxg3 {[%clk 00:59:56]}
{[%emt 00:00:05]} 33. Kf2 {[%clk 00:25:03]} {[%emt 00:01:40]} Ne4+ {[%clk
00:59:33]} {[%emt 00:00:56]} 34. Ke3 {[%clk 00:25:27]} {[%emt 00:00:04]} Kg7
{[%clk 00:59:43]} {[%emt 00:00:22]} 35. Rh1 {[%clk 00:24:52]} {[%emt 00:01:04]}
Rh8 {[%clk 00:58:58]} {[%emt 00:01:16]} 36. Rc1 {[%clk 00:24:37]} {[%emt
00:00:44]} g5 {[%clk 00:54:05]} {[%emt 00:05:24]} 37. hxg5 {[%clk 00:23:58]}
{[%emt 00:01:08]} Rxh1 {[%clk 00:54:33]} {[%emt 00:00:03]} 38. Rxh1 {[%clk
00:24:20]} {[%emt 00:00:08]} Nxg5 {[%clk 00:55:00]} {[%emt 00:00:03]} 39. Nc5
{[%clk 00:24:10]} {[%emt 00:00:39]} Nh7 {[%clk 00:54:21]} {[%emt 00:01:10]} 40.
b4 {[%clk 00:24:00]} {[%emt 00:00:40]} Nf6 {[%clk 00:54:27]} {[%emt 00:00:25]}
41. Kf4 {[%clk 00:23:48]} {[%emt 00:00:41]} Ne8 {[%clk 00:46:52]} {[%emt
00:08:06]} 42. a4 {[%clk 00:24:09]} {[%emt 00:00:08]} Nd6 {[%clk 00:47:17]}
{[%emt 00:00:06]} 43. b5 {[%clk 00:24:24]} {[%emt 00:00:15]} Nc4 {[%clk
00:46:32]} {[%emt 00:01:15]} 44. g5 {[%clk 00:19:51]} {[%emt 00:05:02]} Rc8
{[%clk 00:42:11]} {[%emt 00:04:51]} 45. Rh6 {[%clk 00:16:41]} {[%emt 00:03:40]}
Re8 {[%clk 00:39:43]} {[%emt 00:02:58]} 46. Nd7 {[%clk 00:14:41]} {[%emt
00:02:31]} Rc8 {[%clk 00:34:03]} {[%emt 00:06:11]} 47. Nf6 {[%clk 00:14:17]}
{[%emt 00:00:52]} Nb2 {[%clk 00:32:57]} {[%emt 00:01:37]} 48. Nh5+ {[%clk
00:13:57]} {[%emt 00:00:49]} Kg8 {[%clk 00:32:58]} {[%emt 00:00:29]} 49. g6
{[%clk 00:12:28]} {[%emt 00:01:59]} fxg6 {[%clk 00:33:05]} {[%emt 00:00:23]} 50.
Rxg6+ {[%clk 00:11:43]} {[%emt 00:01:16]} Kf8 {[%clk 00:33:33]} {[%emt
00:00:03]} 51. a5 {[%clk 00:10:59]} {[%emt 00:01:13]} Nc4 {[%clk 00:30:43]}
{[%emt 00:03:20]} 52. Rh6 {[%clk 00:10:26]} {[%emt 00:01:02]} Rc7 {[%clk
00:29:53]} {[%emt 00:01:20]} 53. a6 {[%clk 00:10:15]} {[%emt 00:00:42]} Rf7+
{[%clk 00:29:20]} {[%emt 00:01:03]} 54. Kg5 {[%clk 00:09:46]} {[%emt 00:00:57]}
Ke7 {[%clk 00:28:53]} {[%emt 00:00:59]} 55. Nf4 {[%clk 00:08:46]} {[%emt
00:01:29]} Nd6 {[%clk 00:25:17]} {[%emt 00:04:06]} 56. b6 {[%clk 00:07:31]}
{[%emt 00:01:44]} axb6 {[%clk 00:23:54]} {[%emt 00:01:54]} 57. a7 {[%clk
00:06:45]} {[%emt 00:01:16]} Ne4+ {[%clk 00:24:08]} {[%emt 00:00:16]} 58. Kg4
{[%clk 00:06:57]} {[%emt 00:00:16]} Rf8 {[%clk 00:24:35]} {[%emt 00:00:05]} 59.
Ng6+ {[%clk 00:07:16]} {[%emt 00:00:11]} 1-0

[Event "XLIV Memoriał Szachowy Ludwika Zamenhofa 2025, Grupa A"]
[Site "Białystok, Poland"]
[Date "2025.12.31"]
[Round "9.10"]
[White "Rekuc, Patryk"]
[Black "Kokoszczynski, Jan"]
[Result "0-1"]
[TimeControl "90'+30\""]
[WhiteElo "2288"]
[BlackElo "2275"]

1. e4 {[%clk 01:29:59]} {[%emt 00:01:00]} e5 {[%clk 01:25:28]} {[%emt
00:05:33]} 2. Nf3 {[%clk 01:30:20]} {[%emt 00:00:08]} Nc6 {[%clk 01:25:54]}
{[%emt 00:00:05]} 3. Bc4 {[%clk 01:30:44]} {[%emt 00:00:06]} Bc5 {[%clk
01:26:11]} {[%emt 00:00:13]} 4. c3 {[%clk 01:31:05]} {[%emt 00:00:08]} Nf6
{[%clk 01:26:35]} {[%emt 00:00:06]} 5. d3 {[%clk 01:31:30]} {[%emt 00:00:05]}
d6 {[%clk 01:26:39]} {[%emt 00:00:26]} 6. Nbd2 {[%clk 01:31:43]} {[%emt
00:00:16]} a6 {[%clk 01:25:25]} {[%emt 00:01:45]} 7. a4 {[%clk 01:32:07]}
{[%emt 00:00:06]} O-O {[%clk 01:25:31]} {[%emt 00:00:24]} 8. O-O {[%clk
01:32:32]} {[%emt 00:00:05]} Ba7 {[%clk 01:24:43]} {[%emt 00:01:18]} 9. h3
{[%clk 01:32:55]} {[%emt 00:00:07]} h6 {[%clk 01:23:27]} {[%emt 00:01:45]} 10.
Re1 {[%clk 01:33:17]} {[%emt 00:00:08]} Re8 {[%clk 01:22:54]} {[%emt 00:01:04]}
11. Nf1 {[%clk 01:33:27]} {[%emt 00:00:20]} Be6 {[%clk 01:18:42]} {[%emt
00:04:41]} 12. Bxe6 {[%clk 01:32:44]} {[%emt 00:01:13]} Rxe6 {[%clk 01:19:04]}
{[%emt 00:00:08]} 13. Be3 {[%clk 01:11:49]} {[%emt 00:21:26]} d5 {[%clk
00:53:15]} {[%emt 00:26:19]} 14. exd5 {[%clk 01:07:46]} {[%emt 00:04:33]} Nxd5
{[%clk 00:43:27]} {[%emt 00:10:18]} 15. Bxa7 {[%clk 01:07:56]} {[%emt
00:00:19]} Rxa7 {[%clk 00:43:54]} {[%emt 00:00:04]} 16. d4 {[%clk 01:00:33]}
{[%emt 00:07:53]} e4 {[%clk 00:39:49]} {[%emt 00:04:34]} 17. N3d2 {[%clk
00:53:44]} {[%emt 00:07:19]} f5 {[%clk 00:34:48]} {[%emt 00:05:31]} 18. Qb3
{[%clk 00:47:27]} {[%emt 00:06:48]} Kh7 {[%clk 00:26:16]} {[%emt 00:09:01]} 19.
Ne3 {[%clk 00:46:58]} {[%emt 00:00:59]} Nce7 {[%clk 00:26:41]} {[%emt
00:00:05]} 20. f3 {[%clk 00:41:25]} {[%emt 00:06:03]} Rb6 {[%clk 00:18:05]}
{[%emt 00:09:07]} 21. Qc2 {[%clk 00:41:23]} {[%emt 00:00:31]} Nxe3 {[%clk
00:18:30]} {[%emt 00:00:05]} 22. Rxe3 {[%clk 00:41:48]} {[%emt 00:00:05]} Nd5
{[%clk 00:18:58]} {[%emt 00:00:02]} 23. Ree1 {[%clk 00:39:58]} {[%emt
00:02:19]} Nf4 {[%clk 00:18:54]} {[%emt 00:00:35]} 24. fxe4 {[%clk 00:30:00]}
{[%emt 00:10:28]} Rg6 {[%clk 00:19:19]} {[%emt 00:00:04]} 25. exf5 {[%clk
00:30:21]} {[%emt 00:00:09]} Rxg2+ {[%clk 00:19:24]} {[%emt 00:00:25]} 26. Kf1
{[%clk 00:21:41]} {[%emt 00:09:11]} Qg5 {[%clk 00:03:09]} {[%emt 00:16:45]} 27.
f6+ {[%clk 00:21:19]} {[%emt 00:00:52]} Ng6 {[%clk 00:02:43]} {[%emt 00:00:56]}
28. Rad1 {[%clk 00:20:18]} {[%emt 00:01:32]} Ra8 {[%clk 00:01:11]} {[%emt
00:02:02]} 29. Re2 {[%clk 00:18:15]} {[%emt 00:02:32]} Rg1+ {[%clk 00:01:26]}
{[%emt 00:00:15]} 30. Kf2 {[%clk 00:18:44]} {[%emt 00:00:01]} Qg3# {[%clk
00:01:55]} {[%emt 00:00:01]} 0-1

[Event "XLIV Memoriał Szachowy Ludwika Zamenhofa 2025, Grupa A"]
[Site "Białystok, Poland"]
[Date "2025.12.31"]
[Round "9.11"]
[White "Kulig, Pawel"]
[Black "Krol, Jan"]
[Result "1/2-1/2"]
[TimeControl "90'+30\""]
[WhiteElo "2172"]
[BlackElo "2202"]

1. e4 {[%clk 01:30:59]} c5 {[%clk 01:30:56]} {[%emt 00:00:05]} 2. Nf3 {[%clk
01:31:25]} {[%emt 00:00:03]} d6 {[%clk 01:31:22]} {[%emt 00:00:05]} 3. d4
{[%clk 01:31:26]} {[%emt 00:00:28]} cxd4 {[%clk 01:31:48]} {[%emt 00:00:04]} 4.
Nxd4 {[%clk 01:31:53]} {[%emt 00:00:03]} Nf6 {[%clk 01:32:11]} {[%emt
00:00:07]} 5. Nc3 {[%clk 01:32:19]} {[%emt 00:00:04]} a6 {[%clk 01:32:37]}
{[%emt 00:00:04]} 6. h3 {[%clk 01:32:40]} {[%emt 00:00:08]} e5 {[%clk
01:32:43]} {[%emt 00:00:25]} 7. Nf3 {[%clk 01:33:01]} {[%emt 00:00:08]} h6
{[%clk 01:32:12]} {[%emt 00:01:01]} 8. Bc4 {[%clk 01:32:05]} {[%emt 00:01:27]}
Be6 {[%clk 01:32:02]} {[%emt 00:00:40]} 9. Bb3 {[%clk 01:29:47]} {[%emt
00:02:48]} Nc6 {[%clk 01:32:11]} {[%emt 00:00:21]} 10. O-O {[%clk 01:28:11]}
{[%emt 00:02:06]} Be7 {[%clk 01:30:27]} {[%emt 00:02:14]} 11. Qe2 {[%clk
01:24:51]} {[%emt 00:03:49]} Na5 {[%clk 01:18:27]} {[%emt 00:12:31]} 12. Bxe6
{[%clk 01:09:47]} {[%emt 00:15:34]} fxe6 {[%clk 01:18:36]} {[%emt 00:00:20]} 13.
Nh4 {[%clk 01:08:16]} {[%emt 00:02:01]} g5 {[%clk 01:16:59]} {[%emt 00:02:08]}
14. Ng6 {[%clk 01:02:04]} {[%emt 00:06:42]} Rg8 {[%clk 01:17:18]} {[%emt
00:00:11]} 15. Nxe7 {[%clk 01:02:28]} {[%emt 00:00:06]} Kxe7 {[%clk 01:14:30]}
{[%emt 00:03:19]} 16. g3 {[%clk 00:58:59]} {[%emt 00:03:58]} Rc8 {[%clk
01:01:06]} {[%emt 00:13:55]} 17. Kh2 {[%clk 00:55:19]} {[%emt 00:04:09]} Qe8
{[%clk 00:55:49]} {[%emt 00:05:49]} 18. Qd3 {[%clk 00:39:19]} {[%emt 00:16:29]}
Qg6 {[%clk 00:51:10]} {[%emt 00:05:09]} 19. Rd1 {[%clk 00:36:46]} {[%emt
00:03:02]} Rgd8 {[%clk 00:51:15]} {[%emt 00:00:25]} 20. Be3 {[%clk 00:27:28]}
{[%emt 00:09:47]} Nc4 {[%clk 00:50:37]} {[%emt 00:01:09]} 21. Rab1 {[%clk
00:26:55]} {[%emt 00:01:04]} b5 {[%clk 00:45:27]} {[%emt 00:05:39]} 22. a3
{[%clk 00:25:32]} {[%emt 00:01:52]} Rd7 {[%clk 00:43:20]} {[%emt 00:02:38]} 23.
Bc1 {[%clk 00:25:31]} {[%emt 00:00:31]} Nb6 {[%clk 00:31:07]} {[%emt 00:12:43]}
24. Be3 {[%clk 00:25:25]} {[%emt 00:00:36]} Nc4 {[%clk 00:29:39]} {[%emt
00:01:58]} 25. Bc1 {[%clk 00:25:40]} {[%emt 00:00:15]} Nb6 {[%clk 00:10:12]}
{[%emt 00:19:57]} 26. Be3 {[%clk 00:25:28]} {[%emt 00:00:41]} 1/2-1/2

[Event "XLIV Memoriał Szachowy Ludwika Zamenhofa 2025, Grupa A"]
[Site "Białystok, Poland"]
[Date "2025.12.31"]
[Round "9.12"]
[White "Wojdak, Jan"]
[Black "Rajbharath, Harjith"]
[Result "1/2-1/2"]
[TimeControl "90'+30\""]
[WhiteElo "2214"]
[BlackElo "2002"]

1. d4 {[%clk 01:10:22]} {[%emt 00:20:36]} Nf6 {[%clk 01:30:51]} {[%emt
00:00:10]} 2. Nf3 {[%clk 01:10:48]} {[%emt 00:00:04]} e6 {[%clk 01:31:15]}
{[%emt 00:00:06]} 3. Bg5 {[%clk 01:11:13]} {[%emt 00:00:04]} d5 {[%clk
01:28:03]} {[%emt 00:03:43]} 4. Nbd2 {[%clk 01:11:23]} {[%emt 00:00:19]} Nbd7
{[%clk 01:26:16]} {[%emt 00:02:17]} 5. e3 {[%clk 01:11:20]} {[%emt 00:00:34]}
Be7 {[%clk 01:25:14]} {[%emt 00:01:32]} 6. Bd3 {[%clk 01:11:35]} {[%emt
00:00:15]} O-O {[%clk 01:25:12]} {[%emt 00:00:32]} 7. O-O {[%clk 01:11:59]}
{[%emt 00:00:06]} h6 {[%clk 01:24:41]} {[%emt 00:01:01]} 8. Bh4 {[%clk
01:12:24]} {[%emt 00:00:05]} b6 {[%clk 01:22:46]} {[%emt 00:02:26]} 9. c3
{[%clk 01:07:36]} {[%emt 00:05:18]} Bb7 {[%clk 01:22:38]} {[%emt 00:00:37]} 10.
a4 {[%clk 00:59:50]} {[%emt 00:08:15]} Ne4 {[%clk 01:15:37]} {[%emt 00:07:32]}
11. Bxe7 {[%clk 00:59:54]} {[%emt 00:00:27]} Qxe7 {[%clk 01:16:05]} {[%emt
00:00:01]} 12. a5 {[%clk 01:00:04]} {[%emt 00:00:20]} c5 {[%clk 01:16:16]}
{[%emt 00:00:19]} 13. Qc2 {[%clk 00:50:39]} {[%emt 00:09:55]} Nxd2 {[%clk
01:08:56]} {[%emt 00:07:50]} 14. Qxd2 {[%clk 00:50:15]} {[%emt 00:00:54]} e5
{[%clk 01:03:08]} {[%emt 00:06:19]} 15. dxe5 {[%clk 00:50:20]} {[%emt
00:00:25]} Nxe5 {[%clk 01:03:28]} {[%emt 00:00:09]} 16. Nxe5 {[%clk 00:50:35]}
{[%emt 00:00:14]} Qxe5 {[%clk 01:03:57]} {[%emt 00:00:02]} 17. Be2 {[%clk
00:50:01]} {[%emt 00:01:03]} Rfd8 {[%clk 00:59:46]} {[%emt 00:04:42]} 18. Rfd1
{[%clk 00:48:42]} {[%emt 00:01:48]} Qc7 {[%clk 00:53:52]} {[%emt 00:06:25]} 19.
a6 {[%clk 00:45:01]} {[%emt 00:04:11]} Bc6 {[%clk 00:53:59]} {[%emt 00:00:23]}
20. Qd3 {[%clk 00:41:05]} {[%emt 00:04:26]} Rd6 {[%clk 00:48:01]} {[%emt
00:06:27]} 21. Rd2 {[%clk 00:27:14]} {[%emt 00:14:21]} Rad8 {[%clk 00:46:03]}
{[%emt 00:02:29]} 22. Qc2 {[%clk 00:25:43]} {[%emt 00:02:02]} Qe7 {[%clk
00:43:43]} {[%emt 00:02:49]} 23. Rad1 {[%clk 00:25:33]} {[%emt 00:00:39]} Qg5
{[%clk 00:38:00]} {[%emt 00:06:14]} 24. Bf3 {[%clk 00:21:38]} {[%emt 00:04:24]}
Rf6 {[%clk 00:35:04]} {[%emt 00:03:26]} 25. h4 {[%clk 00:19:24]} {[%emt
00:02:44]} Qe5 {[%clk 00:34:25]} {[%emt 00:01:09]} 26. c4 {[%clk 00:09:43]}
{[%emt 00:10:11]} d4 {[%clk 00:31:22]} {[%emt 00:03:34]} 27. Bxc6 {[%clk
00:09:37]} {[%emt 00:00:36]} Rxc6 {[%clk 00:31:48]} {[%emt 00:00:05]} 28. exd4
{[%clk 00:09:51]} {[%emt 00:00:15]} cxd4 {[%clk 00:31:19]} {[%emt 00:00:59]} 29.
Qd3 {[%clk 00:07:16]} {[%emt 00:03:05]} Qa5 {[%clk 00:28:44]} {[%emt 00:03:05]}
30. Qe4 {[%clk 00:05:39]} {[%emt 00:02:06]} Rxc4 {[%clk 00:27:05]} {[%emt
00:02:10]} 31. Qe7 {[%clk 00:02:26]} {[%emt 00:03:42]} b5 {[%clk 00:26:48]}
{[%emt 00:00:48]} 32. b3 {[%clk 00:01:17]} {[%emt 00:01:40]} Rcc8 {[%clk
00:26:13]} {[%emt 00:01:04]} 33. Qxa7 {[%clk 00:00:53]} {[%emt 00:00:54]} Rc7
{[%clk 00:26:20]} {[%emt 00:00:23]} 34. Ra2 {[%clk 00:01:15]} {[%emt 00:00:08]}
Rxa7 {[%clk 00:21:18]} {[%emt 00:05:32]} 35. Rxa5 {[%clk 00:01:41]} {[%emt
00:00:04]} Rd6 {[%clk 00:21:21]} {[%emt 00:00:26]} 36. Kf1 {[%clk 00:00:46]}
{[%emt 00:01:25]} d3 {[%clk 00:21:35]} {[%emt 00:00:16]} 37. Ke1 {[%clk
00:00:37]} {[%emt 00:00:38]} b4 {[%clk 00:19:48]} {[%emt 00:02:18]} 38. Kd2
{[%emt 00:01:06]} Raxa6 {[%clk 00:19:22]} {[%emt 00:00:08]} 39. Rxa6 {[%clk
00:01:15]} {[%emt 00:00:04]} Rxa6 {[%clk 00:19:48]} {[%emt 00:00:04]} 40. Kxd3
{[%clk 00:01:27]} {[%emt 00:00:18]} Rc6 {[%clk 00:20:14]} {[%emt 00:00:04]} 41.
Ke3 {[%clk 00:00:45]} {[%emt 00:01:11]} Re6+ {[%clk 00:18:39]} {[%emt
00:02:06]} 42. Kf3 {[%clk 00:00:53]} {[%emt 00:00:21]} Rf6+ {[%clk 00:17:41]}
{[%emt 00:01:30]} 43. Ke2 {[%clk 00:01:16]} {[%emt 00:00:06]} Re6+ {[%clk
00:17:55]} {[%emt 00:00:16]} 44. Kf1 {[%clk 00:01:08]} {[%emt 00:00:37]} Re4
{[%clk 00:16:43]} {[%emt 00:01:43]} 45. Rd8+ {[%clk 00:01:38]} {[%emt
00:00:01]} Kh7 {[%clk 00:17:05]} {[%emt 00:00:08]} 46. g3 {[%clk 00:02:07]} g5
{[%clk 00:16:28]} {[%emt 00:01:07]} 47. hxg5 {[%clk 00:00:38]} {[%emt
00:01:59]} hxg5 {[%clk 00:16:54]} {[%emt 00:00:05]} 1/2-1/2